| 000 -ლიდერი |
| ფიქსირებული სიგრძის საკონტროლო ველი |
01643nam a22002537a 4500 |
| 003 - საკონტროლო ნომრის იდენტიფიკატორი |
| საკონტროლო ველი |
Ge_BSU |
| 005 - ბოლო ოპერაციის თარიღი და დრო |
| საკონტროლო ველი |
20260216160031.0 |
| 008 - ფიქსირებული სიგრძის მონაცემთა ელემენტები - ზოგადი ინფორმაცია |
| ფიქსირებული სიგრძის საკონტროლო ველი |
260216s2003 ge ||||| |||| 00| 0 geo d |
| 020 ## - წიგნის საერთაშორისო სტანდარტული ნომერი |
| International Standard Book Number |
9992806370 |
| 041 ## - ენის კოდი |
| Language code of text/sound track or separate title |
geo |
| 080 ## - უნივერსალური ათობითი კლასიფიკაციის ინდექსი |
| Universal Decimal Classification number |
338(100)(075.8) მ-80 |
| 100 ## - მთავარი ჩანაწერი - პიროვნების სახელი |
| Personal name |
მოვსესიანი, ა.გ. |
| 9 (RLIN) |
6711 |
| 245 ## - ცნობა სათაურის შესახებ |
| Title |
მსოფლიო ეკონომიკა : |
| Remainder of title |
[სახელმძღვანელო. ტ. 1 / |
| Statement of responsibility, etc |
ა.გ. მოვსესიანი, ს.ბ. ოგნივცევი; [სარედ. კოლ.: შოთა ვეშაპიძე, ნანა ასლამაზიშვილი, ეკა ლეკაშვილი და სხვ]; რუს. თარგმნა შოთა ვეშაპიძემ. |
| 264 ## - წარმოების, გამოცემის, დისტრიბუციის და სხვა ცნობები |
| გამოცემის, წარმოების, დისტრიბუციის... ადგილი |
თბილისი : |
| გამოცემის, წარმოების, დისტრიბუციის... სახელწოდება |
სოც.-ეკონ. ინ-ტი, |
| გამოცემის, წარმოების, დისტრიბუციის... თარიღი |
2003. |
| 300 ## - ფიზიკური აღწერა |
| Extent |
568 გვ.; |
| Other physical details |
21 სმ. |
| 653 ## - INDEX TERM--UNCONTROLLED |
| Uncontrolled term |
მსოფლიო ეკონომიკის სახელმძღვანელოები |
| 700 ## - ADDED ENTRY--PERSONAL NAME |
| Personal name |
ოგნივცევი, ს.ბ. |
| Relator term |
ავტორი |
| 9 (RLIN) |
6712 |
| 700 ## - ADDED ENTRY--PERSONAL NAME |
| Personal name |
ვეშაპიძე, შოთა |
| Relator term |
მთარგმნელი |
| 9 (RLIN) |
26895 |
| 700 ## - ADDED ENTRY--PERSONAL NAME |
| Personal name |
ვეშაპიძე, შოთა |
| Relator term |
რედაქტორი |
| 9 (RLIN) |
26895 |
| 700 ## - ADDED ENTRY--PERSONAL NAME |
| Personal name |
ასლამაზიშვილი, ნანა |
| Relator term |
რედაქტორი |
| 9 (RLIN) |
26896 |
| 700 ## - ADDED ENTRY--PERSONAL NAME |
| Personal name |
ლეკაშვილი, ეკა |
| Relator term |
რედაქტორი |
| 9 (RLIN) |
5020 |
| 856 ## - ELECTRONIC LOCATION AND ACCESS |
| Uniform Resource Identifier |
https://dspace.nplg.gov.ge/bitstream/1234/495111/1/Msoflio_Ekonomika_2003_Tomi_I.pdf |
| Link text |
ელ. ვერსია |
| 942 ## - ADDED ENTRY ELEMENTS (KOHA) |
| Source of classification or shelving scheme |
|
| Koha item type |
წიგნი |